Catalog

Record Details

Catalog Search



Lovci orchidejí  Cover Image Book Book

Lovci orchidejí / František Flos ; k vyd. připr. Miroslav Petrtýl ; vysvětlivky napsal a odborně rev. Č. Loukotka ; ilustr. Václav Junek

Record details

  • Physical Description: 3 sv.
  • Edition: 3. vyd. v SNDK, 1. vyd. třísvazkové
  • Publisher: Praha : SNDK, 1962

Content descriptions

Formatted Contents Note:
Díl 1. 1962. 151 s. -- Díl 2. 1962. 145 s. -- Díl 3. 1962. 165 s.
Target Audience Note:
Pro čtenáře od 9 let

Available copies

  • 2 of 2 copies available at Common Catalog SPOK.

Holds

  • 0 current holds with 2 total copies.
Show Only Available Copies
Location Call Number / Copy Notes Part Barcode Shelving Location Status Due Date
Hospic Dobrého Pastýře BE-F
Tematická katagorie: Beletrie (BE)
Lovci orchidejí 2 2045957010113 Knihovna Available -
Hospic Dobrého Pastýře BE-F
Tematická katagorie: Beletrie (BE)
Lovci orchidejí 3 2045957010120 Knihovna Available -

Electronic resources

Version of Resource: Digitalizovaný dokument


LDR 01165nam a22003017aa4500
00128605
003CZ-PrJAB
00520170828094705.0
008040825s1962 xr f ||| | cze
015 . ‡acnb002624005 ‡zcnb000614133 ‡zcnb000614134 ‡zcnb000614135
035 . ‡a(CZ PrNK)cpk20142624005
035 . ‡a(OCoLC)85469441
035 . ‡a(OCoLC)85469442
035 . ‡a(OCoLC)85469443
040 . ‡aOLA001 ‡bcze ‡dABA001
080 . ‡a885-93-311.3 ‡2undef
1001 . ‡aFlos, František, ‡d1864-1961 ‡7jk01031466 ‡4aut
24510. ‡aLovci orchidejí / ‡cFrantišek Flos ; k vyd. připr. Miroslav Petrtýl ; vysvětlivky napsal a odborně rev. Č. Loukotka ; ilustr. Václav Junek
250 . ‡a3. vyd. v SNDK, 1. vyd. třísvazkové
260 . ‡aPraha : ‡bSNDK, ‡c1962
300 . ‡a3 sv.
4901 . ‡aDaleké kraje
5050 . ‡aDíl 1. 1962. 151 s. -- Díl 2. 1962. 145 s. -- Díl 3. 1962. 165 s.
5211 . ‡aPro čtenáře od 9 let
830 0. ‡aDaleké kraje
85641. ‡uhttp://kramerius4.nkp.cz/search/handle/uuid:81862d30-e660-11e3-a012-005056825209 ‡yDigitalizovaný dokument
910 . ‡aBNE702
964 . ‡aStřední Amerika - romány dobrodružné pro mládež
998 . ‡a002624005
901 . ‡a28605 ‡b ‡c28605 ‡tbiblio

Additional Resources